Devinez le nom du joueur avec sa carte FC 24 - Statistiques

Statistiques générales
  • Ce quiz a été pris 208 fois
  • Le résultat moyen est 21 sur 28
Statistiques - réponses
Par images Réponse % Correct
Pelé
98%
William Saliba
96%
Cristiano Ronaldo
93%
Kylian Mbappé
90%
Angel Di Maria
89%
Neymar Jr
89%
Benjamin Pavard
88%
Karim Benzema
88%
Lionel Messi
88%
Vinicius Jr
88%
Erling Haaland
87%
Mohamed Salah
87%
Raphael Varane
86%
Bukayo Saka
85%
Gianluigi Donnarumma
85%
Phil Foden
83%
Kylian Van Dijk
81%
Marcus Rashford
80%
Warren Zaïre-Emery
77%
Diego Forlan
70%
Karim Adeyemi
68%
Alexender Golovin
62%
Wilfried Zaha
53%
Ismaïla Sarr
51%
Dele Ali
47%
Dominik Szoboszlai
43%
Robin Gosens
38%
Carson Pickett
12%
Aucun quiz correspondant
Distribution des résultats
% des personnes avec chaque résultat
Percentile par nombre de réponses
Votre historique - résultats
Vous n’avez pas pris ce quiz